[Event "CP-2014-P-00065"]
[Site "LSS email"]
[Date "2014.09.30"]
[Round "?"]
[White "Bouzas, Juan"]
[Black "Neumann, Ulf"]
[Result "0-1"]
[WhiteElo "1663"]
[BlackElo "2099"]
[PlyCount "78"]
[EventDate "2014.10.01"]
[EventType "tourn (corr)"]
[EventRounds "6"]
[EventCountry "GER"]
[SourceTitle "Corr 2022"]
[Source "ChessBase"]
[SourceDate "2021.10.24"]
[SourceVersion "1"]
[SourceVersionDate "2021.10.24"]
[SourceQuality "1"]

1. e4 b6 2. d4 Bb7 3. f3 e6 4. Bd3 c5 5. Ne2 Qh4+ 6. g3 Qf6 7. Bf4 cxd4 8. e5 Qd8 9. Nxd4 Ne7 10. Nc3 Ng6 11. Qd2 Nc6 12. Be4 Nxf4 13. Bxc6 Ng2+ 14. Qxg2 dxc6 15. 0-0-0 Qc7 16. Qe2 Be7 17. f4 0-0 18. f5 b5 19. fxe6 b4 20. exf7+ Rxf7 21. e6 Rff8 22. Ne4 c5 23. Nb3 c4 24. Nd4 Rad8 25. Rhe1 Qb6 26. Qe3 Rd5 27. Nf3 Qa5 28. Kb1 Rxd1+ 29. Rxd1 Qh5 30. Rf1 c3 31. a3 Qf5 32. Re1 bxa3 33. Nxc3 Bxf3 34. Qxa7 axb2 35. Qxe7 Qa5 36. Kxb2 Rb8+ 37. Kc1 Qxc3 38. Qf7+ Kh8 39. Re2 Bxe2 0-1

[Event "CP-2014-P-00065"]
[Site "LSS email"]
[Date "2014.09.30"]
[Round "?"]
[White "Bouzas, Juan"]
[Black "Nowak, Adam"]
[Result "0-1"]
[WhiteElo "1663"]
[BlackElo "2027"]
[PlyCount "50"]
[EventDate "2014.10.01"]
[EventType "tourn (corr)"]
[EventRounds "6"]
[EventCountry "GER"]
[SourceTitle "Corr 2022"]
[Source "ChessBase"]
[SourceDate "2021.10.24"]
[SourceVersion "1"]
[SourceVersionDate "2021.10.24"]
[SourceQuality "1"]

1. e4 g6 2. d4 Bg7 3. Nc3 c6 4. Be3 d6 5. Qd2 b5 6. Bd3 Nd7 7. Nf3 Qc7 8. h4 Ngf6 9. Bh6 Bxh6 10. Qxh6 b4 11. Ne2 c5 12. c3 bxc3 13. bxc3 cxd4 14. cxd4 Qa5+ 15. Qd2 Qxd2+ 16. Kxd2 0-0 17. Rhc1 Bb7 18. Rc7 Bxe4 19. Rac1 Rfb8 20. Nc3 Bxf3 21. gxf3 Rb4 22. Ke3 Nb6 23. Kd2 Kf8 24. Ne2 Nfd5 25. Rb1 Rxb1 0-1

[Event "CP-2014-P-00065"]
[Site "LSS email"]
[Date "2014.09.30"]
[Round "?"]
[White "Bouzas, Juan"]
[Black "Thurrott, Allan"]
[Result "0-1"]
[WhiteElo "1663"]
[BlackElo "2220"]
[PlyCount "96"]
[EventDate "2014.10.01"]
[EventType "tourn (corr)"]
[EventRounds "6"]
[EventCountry "GER"]
[SourceTitle "Corr 2022"]
[Source "ChessBase"]
[SourceDate "2021.10.24"]
[SourceVersion "1"]
[SourceVersionDate "2021.10.24"]
[SourceQuality "1"]

1. e4 e5 2. Nf3 Nc6 3. Bc4 Nf6 4. Ng5 d5 5. exd5 Na5 6. Bb5+ c6 7. dxc6 bxc6 8. Qf3 Be7 9. Bxc6+ Nxc6 10. Qxc6+ Bd7 11. Qc4 0-0 12. Nc3 Rc8 13. Qd3 h6 14. Nge4 Nxe4 15. Qxe4 Bc6 16. Qf5 Bxg2 17. Rg1 Bb7 18. d3 Qb6 19. Bd2 Bh4 20. a4 Rc6 21. a5 Qxb2 22. Rb1 Qxc2 23. Rc1 Rf6 24. Rxg7+ Kxg7 25. Qg4+ Rg6 26. Qxg6+ fxg6 27. Rxc2 Bxf2+ 28. Kd1 g5 29. Ne4 Bxe4 30. dxe4 Bd4 31. Rc7+ Kg6 32. Rc6+ Kh5 33. h3 Rf1+ 34. Kc2 Rh1 35. Bc3 Rxh3 36. Bxd4 exd4 37. Ra6 Rc3+ 38. Kd2 Rc7 39. Rd6 g4 40. Rxd4 g3 41. Ke2 Kg4 42. e5+ Kh3 43. e6 g2 44. Rd1 Kh2 45. Kf2 Rc6 46. e7 Rf6+ 47. Ke2 Re6+ 48. Kf2 Rxe7 0-1

[Event "LSS No Engine Cup 116 Preliminary 0"]
[Site "LSS email"]
[Date "2014.08.22"]
[Round "?"]
[White "Bouzas, Juan"]
[Black "Newton, Daryl"]
[Result "1-0"]
[WhiteElo "1874"]
[BlackElo "1148"]
[PlyCount "35"]
[EventDate "2014.08.23"]
[EventType "tourn (corr)"]
[EventRounds "6"]
[EventCountry "GER"]
[SourceTitle "Corr 2022"]
[Source "ChessBase"]
[SourceDate "2021.10.24"]
[SourceVersion "1"]
[SourceVersionDate "2021.10.24"]
[SourceQuality "1"]

1. e4 e5 2. Nf3 d5 3. exd5 Qxd5 4. Nc3 Qc5 5. d4 Qb6 6. Nxe5 Qf6 7. Bc4 Nh6 8. Bxh6 gxh6 9. Bxf7+ Ke7 10. Nd5+ Kd6 11. Nxf6 Bf5 12. Qf3 Nc6 13. Qd5+ Ke7 14. Ng8+ Rxg8 15. Bxg8 Re8 16. Qf7+ Kd8 17. Qxf5 Nxd4 18. Qd7# 1-0

[Event "LSS No Engine Cup 116 Preliminary 0"]
[Site "LSS email"]
[Date "2014.08.22"]
[Round "?"]
[White "Wilshusen, Horst"]
[Black "Bouzas, Juan"]
[Result "1-0"]
[WhiteElo "1787"]
[BlackElo "1874"]
[PlyCount "97"]
[EventDate "2014.08.23"]
[EventType "tourn (corr)"]
[EventRounds "6"]
[EventCountry "GER"]
[SourceTitle "Corr 2022"]
[Source "ChessBase"]
[SourceDate "2021.10.24"]
[SourceVersion "1"]
[SourceVersionDate "2021.10.24"]
[SourceQuality "1"]

1. e4 c5 2. Nf3 e6 3. Nc3 a6 4. d4 cxd4 5. Nxd4 d6 6. Be2 Nf6 7. Be3 b5 8. a3 Bb7 9. f3 Nbd7 10. Qd2 Be7 11. h4 d5 12. exd5 Nxd5 13. Nxd5 Bxd5 14. Bf2 0-0 15. c3 Qc7 16. h5 h6 17. Be3 Rfd8 18. Kf2 Nc5 19. Qe1 e5 20. Nf5 Bf6 21. Kg1 Be6 22. Ng3 Be7 23. Rd1 f5 24. Bf2 Na4 25. Rxd8+ Rxd8 26. Qb1 Rd2 27. Nxf5 Bxf5 28. Qxf5 Rxe2 29. Rh3 Rxb2 30. Be3 Nxc3 31. Kh2 Re2 32. Bxh6 gxh6 33. Qg6+ Kf8 34. Qxh6+ Ke8 35. Qg6+ Kd7 36. Qd3+ Bd6 37. Qf5+ Kc6 38. f4 Nd5 39. h6 e4 40. Rh5 Bxf4+ 41. Kh3 Re3+ 42. Kh4 Qe7+ 43. Rg5 Bxg5+ 44. Qxg5 Qe6 45. g4 Re1 46. Kg3 Qd6+ 47. Kf2 Rh1 48. Qxd5+ Kxd5 49. h7 1-0

[Event "LSS No Engine Cup 99 Preliminary 5"]
[Site "LSS email"]
[Date "2013.12.03"]
[Round "?"]
[White "Ilkow, Zbigniew"]
[Black "Bouzas, Juan"]
[Result "0-1"]
[WhiteElo "573"]
[BlackElo "1500"]
[PlyCount "34"]
[EventDate "2013.12.04"]
[EventType "tourn (corr)"]
[EventRounds "6"]
[EventCountry "GER"]
[SourceTitle "Telechess CBM 167"]
[Source "ChessBase"]
[SourceDate "2015.07.13"]
[SourceVersion "1"]
[SourceVersionDate "2015.07.13"]
[SourceQuality "1"]

1. e4 c5 2. d3 Nc6 3. Nf3 g6 4. Nc3 Bg7 5. Be2 e6 6. 0-0 Nge7 7. d4 cxd4 8. Nb5 0-0 9. Nbxd4 d5 10. exd5 Qxd5 11. c4 Qa5 12. Bd2 Qb6 13. Be3 Qxb2 14. Nxc6 Nxc6 15. Bd4 Nxd4 16. Qxd4 Bxd4 17. Nxd4 e5 0-1

[Event "LSS No Engine Cup 74 Preliminary 3"]
[Site "LSS email"]
[Date "2012.10.09"]
[Round "?"]
[White "Bouzas, Juan"]
[Black "Bester, Kazimierz"]
[Result "1-0"]
[WhiteElo "1495"]
[BlackElo "817"]
[PlyCount "51"]
[EventDate "2012.10.10"]
[EventType "tourn (corr)"]
[EventRounds "6"]
[EventCountry "GER"]
[SourceTitle "Telechess CBM 159"]
[Source "ChessBase"]
[SourceDate "2014.03.17"]
[SourceVersion "1"]
[SourceVersionDate "2014.03.17"]
[SourceQuality "1"]

1. e4 d5 2. exd5 Qxd5 3. Nc3 Qa5 4. d4 Nf6 5. Bd3 Bd7 6. Nge2 Nc6 7. 0-0 0-0-0 8. Ne4 e5 9. Ng5 Be8 10. c3 h6 11. Ne4 exd4 12. cxd4 Nxd4 13. Nxd4 Rxd4 14. Nxf6 gxf6 15. Bf5+ Qxf5 16. Qxd4 Bc5 17. Qf4 Qg6 18. Be3 Rg8 19. g3 Bd6 20. Qd4 b6 21. Rac1 Bb5 22. Qxd6 c5 23. Bxc5 Bxf1 24. Bxb6+ Kb7 25. Qc6+ Ka6 26. Bc7# 1-0

[Event "BI-2012-P-00029"]
[Site "LSS email"]
[Date "2012.04.20"]
[Round "?"]
[White "Bouzas, Juan"]
[Black "Nichols, Scott"]
[Result "0-1"]
[WhiteElo "1499"]
[BlackElo "2283"]
[PlyCount "74"]
[EventDate "2012.04.22"]
[EventType "tourn (corr)"]
[EventRounds "10"]
[EventCountry "GER"]
[SourceTitle "Telechess CBM 165"]
[Source "ChessBase"]
[SourceDate "2015.03.11"]
[SourceVersion "1"]
[SourceVersionDate "2015.03.11"]
[SourceQuality "1"]

1. e4 c6 2. d4 d5 3. Nc3 dxe4 4. Nxe4 Bf5 5. Ng3 Bg6 6. Bc4 e6 7. N1e2 Nf6 8. 0-0 Bd6 9. f4 Qd7 10. f5 exf5 11. Nf4 0-0 12. h4 Bxf4 13. Bxf4 h5 14. c3 Re8 15. Qf3 Na6 16. Rad1 Nc7 17. Be5 Ng4 18. Nxf5 Nd5 19. Rde1 f6 20. Bg3 Rxe1 21. Bxe1 Bxf5 22. Qxf5 Qd6 23. Qf4 Qxf4 24. Rxf4 Re8 25. Bd2 b5 26. Bxd5+ cxd5 27. Kf1 g6 28. Bc1 b4 29. cxb4 Rc8 30. Bd2 Rc2 31. Ke2 Rxb2 32. a4 f5 33. Kd1 Nf6 34. g3 Ne4 35. Be1 Rb3 36. Kc2 Ra3 37. Kb2 Rxa4 0-1

[Event "BI-2012-P-00029"]
[Site "LSS email"]
[Date "2012.04.20"]
[Round "?"]
[White "Bouzas, Juan"]
[Black "Vontina, Maria"]
[Result "1-0"]
[WhiteElo "1499"]
[BlackElo "821"]
[PlyCount "35"]
[EventDate "2012.04.22"]
[EventType "tourn (corr)"]
[EventRounds "10"]
[EventCountry "GER"]
[SourceTitle "Corr 2015"]
[Source "ChessBase"]
[SourceDate "2015.07.17"]
[SourceVersion "1"]
[SourceVersionDate "2015.07.17"]
[SourceQuality "1"]

1. e4 e6 2. d4 d5 3. Nd2 c5 4. c3 Nc6 5. Ngf3 cxd4 6. cxd4 dxe4 7. Nxe4 Nf6 8. Nxf6+ Qxf6 9. Bd3 Bb4+ 10. Bd2 Bxd2+ 11. Qxd2 Nxd4 12. Nxd4 0-0 13. 0-0 a6 14. Nf3 Bd7 15. Qe3 Bc6 16. Ng5 h6 17. Nh7 Rfd8 18. Nxf6+ 1-0

[Event "LSS No Engine Cup 52 Preliminary 7"]
[Site "LSS email"]
[Date "2011.10.18"]
[Round "?"]
[White "Csaba, Fodor"]
[Black "Bouzas, Juan"]
[Result "1/2-1/2"]
[WhiteElo "1370"]
[BlackElo "1483"]
[PlyCount "70"]
[EventDate "2011.10.19"]
[EventType "tourn (corr)"]
[EventRounds "6"]
[EventCountry "GER"]
[SourceTitle "Telechess CBM 153"]
[Source "ChessBase"]
[SourceDate "2013.03.14"]
[SourceVersion "1"]
[SourceVersionDate "2013.03.14"]
[SourceQuality "1"]

1. c4 f5 2. Nf3 Nf6 3. g3 e6 4. Bg2 d5 5. d4 c6 6. 0-0 Bd6 7. Qc2 0-0 8. b3 Qe7 9. Ne5 Bd7 10. Bb2 Be8 11. Nd2 Nbd7 12. Rac1 Ne4 13. Ndf3 Ndf6 14. Ne1 Bh5 15. f3 Ng5 16. N1d3 Nf7 17. Nf4 g5 18. Nfd3 Kh8 19. Qd2 Rg8 20. a4 Rg7 21. a5 a6 22. Rce1 Rag8 23. cxd5 exd5 24. e4 fxe4 25. fxe4 Nxe4 26. Bxe4 dxe4 27. Rxe4 Nxe5 28. dxe5 Ba3 29. e6 Bxb2 30. Qxb2 Rd8 31. Ne5 Qc5+ 32. Rf2 Rd1+ 33. Kg2 h6 34. Nf7+ Kh7 35. Qf6 Bg6 1/2-1/2

[Event "LSS No Engine Cup 52 Preliminary 7"]
[Site "LSS email"]
[Date "2011.10.18"]
[Round "?"]
[White "Jokmin, Guido"]
[Black "Bouzas, Juan"]
[Result "0-1"]
[WhiteElo "668"]
[BlackElo "1483"]
[PlyCount "54"]
[EventDate "2011.10.19"]
[EventType "tourn (corr)"]
[EventRounds "6"]
[EventCountry "GER"]
[SourceTitle "Telechess CBM 153"]
[Source "ChessBase"]
[SourceDate "2013.03.14"]
[SourceVersion "1"]
[SourceVersionDate "2013.03.14"]
[SourceQuality "1"]

1. d4 e6 2. c4 f5 3. Nc3 Nf6 4. Nf3 d5 5. Qc2 c6 6. e3 Bd6 7. Bd3 0-0 8. Bd2 Ne4 9. c5 Bc7 10. Ne5 Nxc5 11. Be2 Ne4 12. 0-0-0 Nxf2 13. Rhf1 Nxd1 14. Qxd1 Bxe5 15. dxe5 Nd7 16. g4 Nxe5 17. g5 Qxg5 18. e4 Qe7 19. Kb1 d4 20. Na4 b5 21. Bb4 Qxb4 22. Rf3 Nxf3 23. Bxf3 bxa4 24. exf5 Rb8 25. Qe2 Ba6 26. Qxe6+ Kh8 27. Be4 Qxb2# 0-1

[Event "LSS No Engine Cup 27 Final"]
[Site "LSS email"]
[Date "2011.04.24"]
[Round "?"]
[White "Bouzas, Juan"]
[Black "Potemri, Stefan"]
[Result "1-0"]
[WhiteElo "1380"]
[BlackElo "1692"]
[PlyCount "87"]
[EventDate "2011.04.25"]
[EventType "tourn (corr)"]
[EventRounds "6"]
[EventCountry "GER"]
[SourceTitle "Telechess CBM 157"]
[Source "ChessBase"]
[SourceDate "2013.11.12"]
[SourceVersion "1"]
[SourceVersionDate "2013.11.12"]
[SourceQuality "1"]

1. e4 e5 2. Nf3 Nc6 3. d4 exd4 4. Nxd4 Qf6 5. Be3 Bc5 6. c3 Nge7 7. Bc4 0-0 8. 0-0 d6 9. Nxc6 Nxc6 10. Bxc5 dxc5 11. f4 Be6 12. Na3 Rad8 13. Qe2 h6 14. e5 Qg6 15. Qf2 Bxc4 16. Nxc4 Qd3 17. Ne3 Qe4 18. Ng4 Rd3 19. Rae1 Qd5 20. f5 h5 21. Nf6+ gxf6 22. exf6 Ne5 23. Qf4 Rd2 24. Qg5+ Ng6 25. c4 Qd4+ 26. Kh1 Rxb2 27. fxg6 Qg4 28. Qxg4 hxg4 29. g7 Rd8 30. Re5 Rb6 31. g3 a5 32. Rh5 Rxf6 33. Rxf6 Kxg7 34. Rf4 Rd1+ 35. Kg2 b6 36. Rxg4+ Kf8 37. Rh8+ Ke7 38. Re4+ Kf6 39. Rhe8 Rd2+ 40. Re2 Rd7 41. h4 a4 42. Rg8 Rd4 43. h5 Kf5 44. h6 1-0

[Event "LSS No Engine Cup 37 Preliminary 1"]
[Site "LSS email"]
[Date "2011.02.15"]
[Round "?"]
[White "Trani, Francesco"]
[Black "Bouzas, Juan"]
[Result "1-0"]
[WhiteElo "1773"]
[BlackElo "1401"]
[PlyCount "42"]
[EventDate "2011.02.16"]
[EventType "tourn (corr)"]
[EventRounds "6"]
[EventCountry "GER"]
[SourceTitle "Telechess CBM 151"]
[Source "ChessBase"]
[SourceDate "2012.11.13"]
[SourceVersion "1"]
[SourceVersionDate "2012.11.13"]
[SourceQuality "1"]

1. e4 c5 2. Nf3 e6 3. d4 cxd4 4. Nxd4 Nf6 5. Nc3 d6 6. Bd3 a6 7. f4 Nbd7 8. Qf3 Nc5 9. f5 Be7 10. Be3 0-0 11. 0-0 Qc7 12. Qg3 Bd7 13. Rac1 Kh8 14. fxe6 fxe6 15. b4 Nxd3 16. cxd3 Qd8 17. Nce2 e5 18. Nf5 Nh5 19. Qe1 Bxf5 20. exf5 Bg5 21. Qd2 Qd7 1-0

[Event "LSS No Engine Cup 20 Final"]
[Site "LSS email"]
[Date "2010.11.01"]
[Round "?"]
[White "Bouzas, Juan"]
[Black "Meulemans, Bart"]
[Result "0-1"]
[WhiteElo "1409"]
[BlackElo "2107"]
[PlyCount "96"]
[EventDate "2010.11.01"]
[EventType "tourn (corr)"]
[EventRounds "6"]
[EventCountry "GER"]
[SourceTitle "Telechess CBM 147"]
[Source "ChessBase"]
[SourceDate "2012.03.16"]
[SourceVersion "1"]
[SourceVersionDate "2012.03.16"]
[SourceQuality "1"]

1. e4 e5 2. Nf3 Nc6 3. Bb5 a6 4. Bxc6 dxc6 5. 0-0 f6 6. d4 Bg4 7. c3 Bd6 8. Be3 Ne7 9. Qb3 Bxf3 10. gxf3 exd4 11. cxd4 Qc8 12. Nd2 Qh3 13. f4 g5 14. e5 Rg8 15. fxg5 fxe5 16. Ne4 exd4 17. Nxd6+ cxd6 18. Bf4 Qxb3 19. axb3 Nf5 20. Rfe1+ Kd7 21. Kf1 Rae8 22. Rxe8 Rxe8 23. Rd1 c5 24. Rd3 Kc6 25. Rh3 Re7 26. Bd2 Kd5 27. Rf3 Ke4 28. Rh3 d5 29. Ke1 c4 30. Bb4 Rg7 31. Bd2 b5 32. Kd1 d3 33. f3+ Ke5 34. bxc4 bxc4 35. Rh5 d4 36. Kc1 Kd5 37. h3 Ng3 38. Rh6 Ne2+ 39. Kd1 Rf7 40. Rh5 Rxf3 41. g6+ Kc6 42. gxh7 Rf1+ 43. Be1 c3 44. h8Q c2+ 45. Kd2 c1Q+ 46. Kxd3 Nf4+ 47. Kxd4 Ne6+ 48. Ke4 Rxe1+ 0-1

[Event "LSS No Engine Cup 20 Final"]
[Site "LSS email"]
[Date "2010.11.01"]
[Round "?"]
[White "Bouzas, Juan"]
[Black "Nikel, Bogdan"]
[Result "1/2-1/2"]
[WhiteElo "1409"]
[BlackElo "1987"]
[PlyCount "50"]
[EventDate "2010.11.01"]
[EventType "tourn (corr)"]
[EventRounds "6"]
[EventCountry "GER"]
[SourceTitle "Telechess CBM 147"]
[Source "ChessBase"]
[SourceDate "2012.03.16"]
[SourceVersion "1"]
[SourceVersionDate "2012.03.16"]
[SourceQuality "1"]

1. e4 e5 2. Nf3 Nc6 3. Bc4 Bc5 4. c3 Nf6 5. d4 exd4 6. cxd4 Bb4+ 7. Bd2 Nxe4 8. Bxb4 Nxb4 9. Bxf7+ Kxf7 10. Qb3+ d5 11. Ne5+ Ke6 12. Qxb4 c5 13. Qa3 cxd4 14. Nf3 Qb6 15. 0-0 Re8 16. Qa4 Kf7 17. Qxd4 Qxd4 18. Nxd4 b6 19. f3 Nc5 20. Nc3 Bb7 21. Ncb5 Red8 22. Rac1 Rd7 23. Rfd1 a6 24. Nc3 Rc8 25. Kf2 Kf6 1/2-1/2

[Event "LSS No Engine Cup 20 Final"]
[Site "LSS email"]
[Date "2010.11.01"]
[Round "?"]
[White "Kulczycki, Michael"]
[Black "Bouzas, Juan"]
[Result "1-0"]
[WhiteElo "1911"]
[BlackElo "1409"]
[PlyCount "57"]
[EventDate "2010.11.01"]
[EventType "tourn (corr)"]
[EventRounds "6"]
[EventCountry "GER"]
[SourceTitle "Telechess CBM 147"]
[Source "ChessBase"]
[SourceDate "2012.03.16"]
[SourceVersion "1"]
[SourceVersionDate "2012.03.16"]
[SourceQuality "1"]

1. d4 e6 2. e4 d5 3. Nc3 Nf6 4. Bg5 Be7 5. e5 Nfd7 6. Bxe7 Qxe7 7. f4 0-0 8. Nf3 c5 9. Qd2 Nc6 10. dxc5 Nxc5 11. 0-0-0 a6 12. Qe3 b5 13. Bd3 Nxd3+ 14. cxd3 Bd7 15. Kb1 f6 16. Ne2 fxe5 17. Nxe5 Nxe5 18. Qxe5 Rf5 19. Qd4 Qd6 20. Rhf1 e5 21. fxe5 Rxe5 22. Nf4 Rae8 23. Rc1 Bf5 24. h4 Qd8 25. g3 Qf6 26. a3 a5 27. Ka2 b4 28. Rc7 bxa3 29. Nh5 1-0

[Event "CP-2010-P-00036"]
[Site "LSS email"]
[Date "2010.09.28"]
[Round "?"]
[White "Andersson, Soren O"]
[Black "Bouzas, Juan"]
[Result "0-1"]
[WhiteElo "1868"]
[BlackElo "1401"]
[PlyCount "28"]
[EventDate "2010.10.01"]
[EventType "tourn (corr)"]
[EventRounds "6"]
[EventCountry "GER"]
[SourceTitle "Corr 2015"]
[Source "ChessBase"]
[SourceDate "2015.07.17"]
[SourceVersion "1"]
[SourceVersionDate "2015.07.17"]
[SourceQuality "1"]

1. e4 c5 2. Nf3 e6 3. d4 cxd4 4. Nxd4 Nf6 5. Nc3 d6 6. g4 h6 7. h4 Nc6 8. Rg1 h5 9. gxh5 Nxh5 10. Bg5 Nf6 11. Rg3 a6 12. Nxc6 bxc6 13. Qf3 Be7 14. 0-0-0 Qc7 0-1

[Event "CP-2010-P-00036"]
[Site "LSS email"]
[Date "2010.09.28"]
[Round "?"]
[White "Bouzas, Juan"]
[Black "Markus, Roland"]
[Result "0-1"]
[WhiteElo "1401"]
[BlackElo "2104"]
[PlyCount "84"]
[EventDate "2010.10.01"]
[EventType "tourn (corr)"]
[EventRounds "6"]
[EventCountry "GER"]
[SourceTitle "Telechess CBM 147"]
[Source "ChessBase"]
[SourceDate "2012.03.16"]
[SourceVersion "1"]
[SourceVersionDate "2012.03.16"]
[SourceQuality "1"]

1. e4 e5 2. Nf3 Nc6 3. Bb5 a6 4. Bxc6 dxc6 5. 0-0 Bg4 6. h3 h5 7. d3 Qf6 8. Nbd2 Ne7 9. Re1 Ng6 10. d4 Bd6 11. hxg4 hxg4 12. Nh2 Rxh2 13. Qxg4 Rh4 14. Qf5 exd4 15. Nf3 Rh7 16. Qxf6 gxf6 17. Nxd4 Kd7 18. f3 Nh4 19. Kf2 Rg8 20. g4 c5 21. Ne2 Ng6 22. Bd2 Rh2+ 23. Ke3 Rgh8 24. Bc3 Nh4 25. Rg1 Ke6 26. g5 Ng2+ 27. Rxg2 Rxg2 28. Bxf6 Rhh2 29. Re1 c4 30. Nd4+ Kd7 31. Re2 Bc5 32. Rxg2 Rxg2 33. Kf4 b5 34. Nf5 Rxc2 35. Nh6 Be7 36. Bg7 Rg2 37. Ng4 Ke6 38. Bc3 c5 39. Bg7 Re2 40. Ne3 Bxg5+ 41. Kxg5 Rxe3 42. Kf4 Re2 0-1

[Event "LSS No Engine Cup 27 Preliminary 1"]
[Site "LSS email"]
[Date "2010.08.30"]
[Round "?"]
[White "Campbell, Iain S"]
[Black "Bouzas, Juan"]
[Result "0-1"]
[WhiteElo "1452"]
[BlackElo "1425"]
[PlyCount "90"]
[EventDate "2010.08.31"]
[EventType "tourn (corr)"]
[EventRounds "6"]
[EventCountry "GER"]
[SourceTitle "Telechess CBM 145"]
[Source "Chessbase"]
[SourceDate "2011.11.11"]
[SourceVersion "1"]
[SourceVersionDate "2011.11.11"]
[SourceQuality "1"]

1. d4 e6 2. c4 f5 3. g3 Nf6 4. Bg2 d5 5. Nf3 c6 6. 0-0 Bd6 7. Nc3 0-0 8. Qc2 Ne4 9. Rb1 Nd7 10. b4 Qe7 11. b5 Ndf6 12. c5 Bc7 13. Bf4 Bxf4 14. gxf4 Nxc3 15. Qxc3 Ne4 16. Qc2 Bd7 17. a4 cxb5 18. axb5 Rfc8 19. Ne5 Be8 20. Bxe4 dxe4 21. Kh1 Kh8 22. Rg1 Qh4 23. e3 Rc7 24. Rg3 a5 25. Qc4 Qf6 26. f3 exf3 27. Nxf3 a4 28. Qb4 Qe7 29. Ne5 a3 30. Rg2 b6 31. Nd3 a2 32. Ra1 bxc5 33. dxc5 Rb7 34. Rgxa2 Rxa2 35. Rxa2 Rxb5 36. Qe1 Qb7+ 37. Kg1 Qd5 38. Rd2 Bc6 39. e4 Qc4 40. Nf2 h6 41. exf5 Qxf4 42. Rd8+ Kh7 43. Rd3 Qxf5 44. Kf1 Rb2 45. Rd2 Rb1 0-1

[Event "LSS No Engine Cup 24 Preliminary 7"]
[Site "LSS email"]
[Date "2010.06.23"]
[Round "?"]
[White "Arango Marin, Sixto Gregorio"]
[Black "Bouzas, Juan"]
[Result "0-1"]
[WhiteElo "817"]
[BlackElo "1319"]
[PlyCount "54"]
[EventDate "2010.06.24"]
[EventType "tourn (corr)"]
[EventRounds "6"]
[EventCountry "GER"]
[SourceTitle "Telechess CBM 143"]
[Source "ChessBase"]
[SourceDate "2011.07.15"]
[SourceVersion "1"]
[SourceVersionDate "2011.07.15"]
[SourceQuality "1"]

1. e4 c5 2. Bc4 e6 3. a3 Nc6 4. Nf3 a6 5. Nc3 b5 6. Ba2 Bb7 7. d4 cxd4 8. Nxd4 Nxd4 9. Qxd4 Qc7 10. 0-0 Bd6 11. g3 Be5 12. Qe3 Nf6 13. f4 Ng4 14. Qf3 Bd4+ 15. Kg2 Bxc3 16. Qxg4 Bxe4+ 17. Kg1 Bd4+ 18. Rf2 Qxc2 19. Be3 Bxe3 20. Raf1 Bxf2+ 21. Rxf2 Qc1+ 22. Rf1 Qe3+ 23. Rf2 Rc8 24. Qd1 Rc1 25. Qxc1 Qxc1+ 26. Rf1 Qxb2 27. Rf2 Qa1+ 0-1

[Event "LSS No Engine Cup 24 Preliminary 7"]
[Site "LSS email"]
[Date "2010.06.23"]
[Round "?"]
[White "Bouzas, Juan"]
[Black "Laureles, Raymundo"]
[Result "1-0"]
[WhiteElo "1347"]
[BlackElo "1125"]
[PlyCount "59"]
[EventDate "2010.06.24"]
[EventType "tourn (corr)"]
[EventRounds "6"]
[EventCountry "GER"]
[SourceTitle "Telechess CBM 143"]
[Source "ChessBase"]
[SourceDate "2011.07.15"]
[SourceVersion "1"]
[SourceVersionDate "2011.07.15"]
[SourceQuality "1"]

1. e4 e6 2. d4 d5 3. Nd2 c5 4. exd5 Qxd5 5. Ngf3 cxd4 6. Bc4 Qc5 7. Qe2 Nc6 8. Nb3 Qb6 9. 0-0 Bc5 10. Rd1 Nf6 11. a4 a5 12. Nxc5 Qxc5 13. b3 0-0 14. Ba3 Nb4 15. Rxd4 Qf5 16. Bd3 Nxd3 17. Bxf8 Nf4 18. Qd2 N6d5 19. Bd6 Nh3+ 20. Kf1 b6 21. c4 Ba6 22. Bg3 h6 23. Nh4 Qf6 24. gxh3 g5 25. Ng2 h5 26. Re1 h4 27. Be5 Qf5 28. Rg4 Kf8 29. Rxg5 Qxh3 30. Qxd5 1-0

[Event "LSS RE-2010-0-00040"]
[Site "LSS email"]
[Date "2010.05.05"]
[Round "?"]
[White "Bouzas, Juan"]
[Black "Ivanov, Valerij"]
[Result "0-1"]
[WhiteElo "1281"]
[BlackElo "2319"]
[PlyCount "92"]
[EventDate "2010.03.04"]
[EventType "tourn (corr)"]
[EventRounds "6"]
[EventCountry "GER"]
[SourceTitle "Telechess CBM 141"]
[Source "ChessBase"]
[SourceDate "2011.03.17"]
[SourceVersion "1"]
[SourceVersionDate "2011.03.17"]
[SourceQuality "1"]

1. e4 c5 2. Nf3 d6 3. d4 cxd4 4. Nxd4 Nf6 5. Nc3 a6 6. Be3 e5 7. Nb3 Be6 8. f3 h5 9. Qd2 Nbd7 10. 0-0-0 Be7 11. Kb1 b5 12. Nd5 Bxd5 13. exd5 Nb6 14. Bxb6 Qxb6 15. Na5 Rc8 16. Nc6 Nxd5 17. Nxe7 Nxe7 18. Qxd6 Qxd6 19. Rxd6 Nc6 20. f4 exf4 21. Be2 Ke7 22. Rhd1 h4 23. Rd7+ Kf8 24. c4 Ne5 25. Rd8+ Ke7 26. Rxc8 Rxc8 27. cxb5 axb5 28. Bxb5 g5 29. a4 f5 30. Re1 Kf6 31. Rc1 Ra8 32. b4 g4 33. Kb2 Rb8 34. Kb3 f3 35. g3 hxg3 36. hxg3 Kg5 37. Re1 Ng6 38. Rc1 f4 39. Rc5+ Kh6 40. gxf4 g3 41. Bc6 f2 42. Bg2 Nxf4 43. Bf1 Re8 44. Rc6+ Kg5 45. Rc5+ Kg4 46. Rc4 Re1 0-1

[Event "LSS RE-2010-0-00040"]
[Site "LSS email"]
[Date "2010.05.05"]
[Round "?"]
[White "Bouzas, Juan"]
[Black "Lauer, Fredric"]
[Result "1-0"]
[WhiteElo "1384"]
[BlackElo "986"]
[PlyCount "41"]
[EventDate "2010.03.04"]
[EventType "tourn (corr)"]
[EventRounds "6"]
[EventCountry "GER"]
[SourceTitle "Telechess CBM 147"]
[Source "ChessBase"]
[SourceDate "2012.03.16"]
[SourceVersion "1"]
[SourceVersionDate "2012.03.16"]
[SourceQuality "1"]

1. e4 d5 2. exd5 Qxd5 3. Nc3 Qa5 4. d4 Nf6 5. Nf3 Nc6 6. Bd2 Qh5 7. Nb5 Kd8 8. Be2 Bg4 9. Ng5 Bxe2 10. Qxe2 Qg6 11. d5 Nxd5 12. Qf3 Nf6 13. 0-0-0 Kc8 14. h4 a6 15. h5 Nxh5 16. Nxc7 Kxc7 17. Nxf7 Qf6 18. Qxh5 Rg8 19. Bc3 Qf4+ 20. Kb1 h6 21. Qd5 1-0